Stolice Państw - Statystyki

Ogólne statystyki
  • Ten quiz został rozwiązany 280 razy
  • Średni wynik to 11 z 15
Statystyki odpowiedzi
Kraj Stolica % Poprawnych
Niemcy Berlin
100%
Polska Warszawa
100%
Belgia Bruksela
91%
Chorwacja Zagrzeb
90%
Chiny Pekin
87%
Finlandia Helsinki
86%
Łotwa Ryga
85%
Argentyna Buenos Aires
76%
Brazylia Brasilia
75%
Albania Tirana
70%
Kazachstan Astana
53%
Korea Północna Pjongjang
51%
Kolumbia Bogota
49%
Iran Teheran
46%
Islandia Rejkjawik
36%
Nie znaleziono quizów pasujących do podanych kryteriów
Rozkład punktacji
Procent ludzi z każdym wynikiem
Percentyl według liczby udzielonych odpowiedzi
Twoja historia wyników
Nie rozwiązałeś tego quizu